logo

Bir Sreshtho Munshi Abdur Rouf Library
Jhenaidah Cadet College

Majesty : (Record no. 8906)

MARC details
000 -LEADER
fixed length control field 00894nam a2200289 a 4500
001 - CONTROL NUMBER
JCCL Control Number 8906
003 - CONTROL NUMBER IDENTIFIER
JCCL marc code BD-JhCC
005 - DATE AND TIME OF LATEST TRANSACTION
control field 20180305172718.0
008 - FIXED-LENGTH DATA ELEMENTS--GENERAL INFORMATION
fixed length control field 180305s1977 nyuaf b 001 0beng d
020 ## - INTERNATIONAL STANDARD BOOK NUMBER
International Standard Book Number 0151556849
035 ## - SYSTEM CONTROL NUMBER
system control number (BD-JhCC)8906
040 ## - CATALOGING SOURCE
Original cataloging agency BD-JhCC
Transcribing agency DLC
Modifying agency BD-JhCC
041 ## - LANGUAGE CODE
Language code of Book eng
050 00 - LIBRARY OF CONGRESS CALL NUMBER
Classification number DA590
Item number .L28
082 00 - DEWEY DECIMAL CLASSIFICATION NUMBER
Classification number 941.085/092/4
-- B
Author mark and Year LAC 1977
100 1# - MAIN ENTRY--PERSONAL NAME
Personal name Lacey, Robert.
245 10 - TITLE STATEMENT
Title Majesty :
Remainder of title Elizabeth II and the House of Windsor /
Statement of responsibility, etc Robert Lacey.
260 ## - PUBLICATION, DISTRIBUTION, ETC. (IMPRINT)
Place of publication, distribution, etc New York :
Name of publisher, distributor, etc Harcourt Brace Jovanovich,
Date of publication, distribution, etc c1977.
300 ## - PHYSICAL DESCRIPTION
Pagination xxxii, 349 p., [17] leaves of plates :
Other physical details ill. ;
Dimensions 24 cm.
500 ## - GENERAL NOTE
General note Includes index.
504 ## - BIBLIOGRAPHY, ETC. NOTE
Bibliography, etc Includes Index and Bibliography: p. 313-317.
600 00 - SUBJECT ADDED ENTRY--PERSONAL NAME
Personal name Elizabeth
Titles and other words associated with a name Queen of Great Britain,
Dates associated with a name 1926-
650 #0 - SUBJECT ADDED ENTRY--TOPICAL TERM
Topical term or geographic name as entry element Queens
Geographic subdivision Great Britain
General subdivision Biography.
650 #0 - SUBJECT ADDED ENTRY--TOPICAL TERM
Topical term or geographic name as entry element Monarchy
Geographic subdivision Great Britain.
942 ## - ADDED ENTRY ELEMENTS (KOHA)
Source of classification or shelving scheme Dewey Decimal Classification
Koha item type Books
Holdings
Source of classification or shelving scheme Damaged status Not for loan Home library Current library Shelving location Date of accession Total Checkouts Full call number Barcode Date last seen Copy number Koha item type
Dewey Decimal Classification     JCC Rouf Library JCC Rouf Library General Stacks 03/05/2018   941.085/092/4 LAC 1977 11866 03/05/2018 C-1 Books

JCC Library | Contacts | JCC Home

Last Update on 23 September 2017
Copyright @ 2017-2020 JCC Rouf Library
Rouf Library, Jhenidah Cadet College (JCC), Bangladesh